| 000 | 00566nam a2200145 4500 | ||
|---|---|---|---|
| 999 |
_c8390 _d8390 |
||
| 008 | 180201b xxu||||| |||| 00| 0 eng d | ||
| 082 |
_21986 _aDC 669.09 _bK77 |
||
| 100 |
_925979 _aKnox, Bruce E. |
||
| 245 |
_aOut of the fiery furnace: _bfrom stone age to space age.The story of metal and man. _cBruce E. Knox, John C. Griffiths and Frederick R. Matson. |
||
| 300 |
_a124 pages: _billustration; _c27 cm. |
||
| 650 | 0 |
_925980 _aTechnology and civilization |
|
| 700 |
_925981 _aGriffiths, John C. _eauthor |
||
| 700 |
_925982 _aMatson, FredericK R. _eauthor |
||
| 942 |
_2ddc _cDC |
||